| 000 | 01242 a2200301 4500 | ||
|---|---|---|---|
| 999 |
_c5934 _d5934 |
||
| 020 | _a9789251072424 | ||
| 020 | _a9251072426 | ||
| 050 | 0 | 0 | _aSF55 LIV 2012 |
| 100 |
_aOtte, J. _eeditor |
||
| 245 | 0 | 0 |
_aLivestock sector development for poverty reduction : _ban economic and policy perspective : livestock's many virtues / _cJ. Otte ... [et al.]. |
| 264 |
_aRome : _bFood and Agriculture Organisation of the United Nations, _c2012. |
||
| 300 |
_axix, 161 p. : _bcol. ill., col. maps ; |
||
| 500 | _aPro-poor livestock policy initiative | ||
| 504 | _aIncludes bibliographical references (p. 135-151) | ||
| 650 | 0 |
_aLivestock _xEconomic aspects _xInternational cooperation. |
|
| 650 | 0 |
_aRural poor _xInternational cooperation. |
|
| 700 | 1 |
_aCostales, A. _eeditor |
|
| 700 | 1 |
_aDijkman, J. _eeditor |
|
| 700 | 1 |
_aPica-Ciamarra, U. _eeditor |
|
| 700 | 1 |
_aRobinson, T. _eeditor |
|
| 700 | 1 |
_aAhuja, V. _eeditor |
|
| 700 | 1 |
_aLy, C. _eeditor |
|
| 700 | 1 |
_aRoland-Holst, D. _eeditor |
|
| 710 | 2 | _aFood and Agriculture Organization of the United Nations. | |
| 856 | 4 | 1 |
_3Free Access _uhttp://www.fao.org/docrep/015/i2744e/i2744e00.pdf |
| 942 |
_2lcc _cBK _h55 _iLIV _kSF |
||